UITU Library & LRC     

Metro Cab System (using IP-radio) (Record no. 32141)

MARC details
000 -LEADER
fixed length control field 00437nam a2200133Ia 4500
008 - FIXED-LENGTH DATA ELEMENTS--GENERAL INFORMATION
fixed length control field 260210s9999 xx 000 0 und d
024 ## - OTHER STANDARD IDENTIFIER
Standard number or code 10B-10-BS, 10B-32-BS & 10B-34-BS
082 ## - DEWEY DECIMAL CLASSIFICATION NUMBER
Classification number 005.25072 UME
100 ## - MAIN ENTRY--PERSONAL NAME
Personal name M.Umer mukhtar, M. Waqas Pasha & Abdul Rafay Waqar
245 #0 - TITLE STATEMENT
Title Metro Cab System (using IP-radio)
260 ## - PUBLICATION, DISTRIBUTION, ETC.
Place of publication, distribution, etc. Karachi:
Name of publisher, distributor, etc. UITU,
Date of publication, distribution, etc. 2010
600 ## - SUBJECT ADDED ENTRY--PERSONAL NAME
Personal name Computer Science
650 ## - SUBJECT ADDED ENTRY--TOPICAL TERM
Topical term or geographic name entry element Bachelor of Computer Science (BS)

No items available.

Powered by Koha